Indian Medicinal Plants (Record no. 346687)

MARC details
000 -LEADER
fixed length control field 003270000a22001450004500
060 ## - NATIONAL LIBRARY OF MEDICINE CALL NUMBER
Classification number 100
082 ## - DEWEY DECIMAL CLASSIFICATION NUMBER
Classification number 581.6340954 BAS.03
100 ## - MAIN ENTRY--PERSONAL NAME
Personal name Basu, B D
245 ## - TITLE STATEMENT
Title Indian Medicinal Plants
260 ## - PUBLICATION, DISTRIBUTION, ETC. (IMPRINT)
Place of publication, distribution, etc. Bishen singh Mahendra pal singh
260 ## - PUBLICATION, DISTRIBUTION, ETC. (IMPRINT)
Date of publication, distribution, etc. 1975
300 ## - PHYSICAL DESCRIPTION
Extent 779
650 ## - SUBJECT ADDED ENTRY--TOPICAL TERM
Topical term or geographic name as entry element Medicinal plants - India
942 ## - ADDED ENTRY ELEMENTS (KOHA)
Koha item type Books (General)
Holdings
Withdrawn status Lost status Source of classification or shelving scheme Damaged status Not for loan Collection code Home library Current library Shelving location Date acquired Total Checkouts Full call number Barcode Date last seen Price effective from Koha item type
    Dewey Decimal Classification     Reference Book College of Agriculture, Vellayani College of Agriculture, Vellayani Reference 02/05/2014   581.6340954 BAS.03 KAU_COAV-15779 02/05/2014 02/05/2014 Reference Book
Kerala Agricultural University Central Library
Thrissur-(Dt.), Kerala Pin:- 680656, India
Ph : (+91)(487) 2372219
E-mail: librarian@kau.in
Website: http://library.kau.in/